| 000 | 01497nam1a2200289 4500 | ||
|---|---|---|---|
| 001 | RU\NLR\BIBL_A\011117911 | ||
| 005 | 20260323093746.0 | ||
| 035 | _a(NLR Aleph) 011117911 | ||
| 090 |
_a11503083 _c11503083 |
||
| 100 | _a20260329 rusy50 | ||
| 101 | 0 | _arus | |
| 102 | _aRU | ||
| 105 | _a||||z ||||| | ||
| 200 | 1 |
_aИстория газетно-журнальной иллюстрации _eсборник статей _fС.-Петерб. гос. ун-т, Ин-т "Высш. шк. журналистики и массовых коммуникаций" _g[сост: О. Н. Ансберг, к. ист. н., Е. С. Сонина, к. филол. н.] |
|
| 210 |
_aСанкт-Петербург _cСвоё изд-во _d2016 |
||
| 215 | _d21 | ||
| 606 | 1 |
_aИллюстрация _jСборники _91258512 _3RU\NLR\AUTH\66516337 |
|
| 606 | 1 |
_aИллюстрированные периодические издания _jСборники _92283196 _3RU\NLR\AUTH\6601595878 |
|
| 686 | 1 | _aЩ153(0)-475.46 | |
| 686 | 1 | _aЧ612.174.3я43 | |
| 702 | 1 |
_aАнсберг _bО.Н. _gОльга Николаевна _4220 |
|
| 712 | 0 | 2 |
_4570 _aСанкт-Петербургский государственный университет _bВысшая школа журналистики и массовых коммуникаций _9380959 _3RU\NLR\AUTH\8810247670 |
| 852 |
_aNLR _j2016-3/11100 |
||
| 942 | _cBOOK | ||
| 980 | _aNB | ||